FADE UP - Hamza, SCH, Zeg P - Paroles - Statistiques

Statistiques générales
  • Ce quiz a été pris 73 fois
  • Le résultat moyen est 290 sur 399
Statistiques - réponses
Paroles % Correct
j
100%
J
100%
s
100%
fade
96%
Fade
96%
up
96%
n
95%
suis
95%
à
93%
a
93%
t
93%
je
89%
Je
89%
l
89%
89%
pas
89%
la
87%
tout
87%
ce
85%
I
85%
J'ai
85%
j'ai
85%
me
85%
night
84%
passé
84%
passe
84%
te
84%
toute
84%
compter
82%
mon
82%
oseille
82%
qu
82%
le
80%
emmenerai
78%
mène
76%
ai
75%
life
75%
n'importe
75%
ciel
73%
touche
73%
tu
73%
cette
69%
crois
69%
seul
69%
message
67%
Si
67%
si
67%
vraiment
67%
y
67%
c'est
65%
écrit
65%
ma
65%
love
64%
nan
64%
quand
64%
qu'on
64%
you
64%
menti
62%
comprends
60%
sans
60%
dire
58%
en
56%
qui
55%
seuls
53%
teille
51%
n'est
49%
carre
45%
carré
45%
d'autres
45%
plein
45%
sont
45%
tise
45%
au
44%
et
44%
fraiches
44%
mais
38%
Mais
38%
on
35%
On
35%
tard
35%
dans
31%
maille
24%
parking
24%
que
24%
claque
22%
fais
22%
bye
20%
Miami
20%
seule
20%
danser
18%
pour
18%
t'es
18%
caisse
16%
drive-by
16%
ouerj
16%
regarder
16%
sens
16%
sique
16%
apesanteur
15%
baby
15%
Balmain
15%
dis
15%
loin
15%
sais
15%
Change
11%
jamais
11%
peu
11%
plus
11%
serais
11%
toi
11%
un
11%
casse
9%
faut
9%
pourrais
9%
vous
9%
ferais
7%
high
7%
ienb
7%
une
7%
autre
5%
encore
5%
sent
5%
Brice
4%
pop
2%
Aucun quiz correspondant
Distribution des résultats
% des personnes avec chaque résultat
Percentile par nombre de réponses
Votre historique - résultats
Vous n’avez pas pris ce quiz